| 000 | 00543nam a2200193Ia 4500 | ||
|---|---|---|---|
| 003 | GCL | ||
| 008 | 140319s9999 xx 000 0 ara d | ||
| 040 |
_aGCL / _cGCL |
||
| 082 | 0 | 4 |
_aط _b823.087 _bد ب |
| 100 | 1 | _aديزنى، والت | |
| 245 | 1 | 0 |
_aبامبى / _cديزنى، والت |
| 260 |
_a[S.N] : _bدار المعارف |
||
| 300 | _a34 ص | ||
| 490 |
_aقصص عالمية للاطفال _v0 |
||
| 650 | 0 | 4 | _aالاطفال |
| 650 | 0 | 4 | _aالقصص الانجليزية |
| 650 | 0 | 4 | _aقصص الاطفال |
| 942 |
_2ddc _cBK |
||
| 999 |
_c34439 _d34439 |
||